| 000 | 00444cam a22001097a 4500 | ||
|---|---|---|---|
| 008 | 180718b2010 xxu||||| |||| 00| 0 eng d | ||
| 020 | _a8185835608 | ||
| 100 | _aGill, Sucha Singh , Ghuman, Ranjit Singh , Singh, Inderjit et al. | ||
| 245 |
_aEconomic cooperation and infrastructural linkages between two Punjabs : way ahead _cby Sucha Singh Gill, Ranjit Singh Ghuman , Inderjit Singh et al. |
||
| 260 |
_aChandigarh _bCRRID _c2010 |
||
| 300 | _a155p. | ||
| 999 |
_c503375 _d503375 |
||